Soil Conservation Service Curve Number (SCS-CN) Methodology /

El método del número de curva (CN) del Servicio de Conservación de Suelos (SCS) de Estados Unidos, es uno de los métodos más populares para calcular el volumen de escorrentía de una tormenta. En esta obra se explican las carecaterísticas y aplicaciones del proceso para las cuencas hidrográficas.

Guardado en:
Detalles Bibliográficos
Autor principal: Mishra, Surendra Kumar (autor)
Otros autores: Singh, Vijay P. (autor) (autor)
Formato: Libro
Idioma:Inglés
Publicado: Dordrecht, Holanda : Kluwer, 2003, c2003
Colección:(Water Science and Technology Library ; 42)
Temas:
Etiquetas: Agrega una etiqueta
Sin etiquetas, Sé el primero en etiquetar este registro!

MARC

LEADER 00000nam^a2200000^a^4500
001 000419043
005 20250521000000.0
009 20260310122434.093
020 |a 978-90-481-6225-3 
037 |a Acervo ITESO - Biblioteca 
041 |a ING 
082 |a 551. 488  |b MIS 
100 |a Mishra, Surendra Kumar  |e (autor) 
245 1 0 |a Soil Conservation Service Curve Number (SCS-CN) Methodology /  |c S.K. Mishra, V.P. Singh. 
264 4 |a Dordrecht, Holanda :  |b Kluwer,  |c 2003, c2003 
300 |a XX, 513 p. 
336 |a texto  |b txt  |2 rdacontenido 
337 |a sin mediación  |b n  |2 rdamedio 
338 |a volumen  |b nc  |2 rdasoporte 
440 1 |a (Water Science and Technology Library ;  |v 42) 
520 |a El método del número de curva (CN) del Servicio de Conservación de Suelos (SCS) de Estados Unidos, es uno de los métodos más populares para calcular el volumen de escorrentía de una tormenta. En esta obra se explican las carecaterísticas y aplicaciones del proceso para las cuencas hidrográficas. 
521 |a Peticiones 2020 
649 |a XX 
650 |a Escurrimiento -  |x Tema Principal 
650 |a Lluvia y Régimen Pluviométrico 
650 |a Precipitación (Meteorología) 
650 |a Suelos -  |x Conservación -  |x Tema Principal 
650 |a Cuencas Hidrográficas -  |x Tema Principal 
650 |a Hidrometeorología 
650 |a Hidrología 
650 |a Ciencias de la Tierra 
700 |a Singh, Vijay P.  |e (autor) 
910 |a Fondo General 
920 |a Impresos - Libros 
930 |a Colección General 
905 |a 101 
901 |a 0500329038  |b IT1  |c ACC  |i C172221  |u 20250521 
902 |a https://opac.biblio.iteso.mx/vufind/Record/000419043